|
|
|
|
| LEADER |
01573nam a2200397 a 4500 |
| 001 |
EBC625340 |
| 003 |
MiAaPQ |
| 005 |
20200520144314.0 |
| 006 |
m o d | |
| 007 |
cr cn||||||||| |
| 008 |
110202s2011 enkad sb 001 0 eng d |
| 020 |
|
|
|z 9780123808868
|
| 020 |
|
|
|a 9780123808875 (electronic bk.)
|
| 035 |
|
|
|a (MiAaPQ)EBC625340
|
| 035 |
|
|
|a (Au-PeEL)EBL625340
|
| 035 |
|
|
|a (CaPaEBR)ebr10440521
|
| 035 |
|
|
|a (CaONFJC)MIL295479
|
| 035 |
|
|
|a (OCoLC)700701869
|
| 040 |
|
|
|a MiAaPQ
|c MiAaPQ
|d MiAaPQ
|
| 050 |
|
4 |
|a TX769
|b .F56 2011
|
| 245 |
0 |
0 |
|a Flour and breads and their fortification in health and disease prevention
|h [electronic resource] /
|c edited by Victor R. Preedy, Ronald Ross Watson, Vinood B. Patel.
|
| 250 |
|
|
|a 1st ed.
|
| 260 |
|
|
|a London :
|b Elsevier Science,
|c 2011.
|
| 300 |
|
|
|a xvii, 524 p. :
|b ill. (some col.)
|
| 504 |
|
|
|a Includes bibliographical references and index.
|
| 505 |
0 |
|
|a section 1. Flour and breads -- section 2. Fortification of flour and breads and their metabolic effects.
|
| 533 |
|
|
|a Electronic reproduction. Ann Arbor, MI : ProQuest, 2015. Available via World Wide Web. Access may be limited to ProQuest affiliated libraries.
|
| 650 |
|
0 |
|a Flour
|x Additives.
|
| 650 |
|
0 |
|a Flour
|x Health aspects.
|
| 650 |
|
0 |
|a Bread
|x Additives.
|
| 655 |
|
4 |
|a Electronic books.
|
| 700 |
1 |
|
|a Preedy, Victor R.
|
| 700 |
1 |
|
|a Watson, Ronald R.
|q (Ronald Ross)
|
| 700 |
1 |
|
|a Patel, Vinood B.
|
| 710 |
2 |
|
|a ProQuest (Firm)
|
| 856 |
4 |
0 |
|u https://ebookcentral.proquest.com/lib/matrademy/detail.action?docID=625340
|z Click to View
|